000 00662nam a2200241 i 4500
001 C2-0215570
003 PPAK
005 20180728104124.0
008 990425s1988 nyu |||| ||||| | eng d
020 _a0345351525
040 _aPPAK
_beng
_cPPAK
_erda
082 0 4 _a823
_2 23
090 0 0 _a823
_bRIC
_dG
100 1 _aRice, Anne,
_eauthor
245 1 4 _aThe queen of the damned :
_bbook III of the Vampire Chronicles
264 1 _aNew York :
_bBallantine Books ,
_c1988
300 _a491 pages ;
_c18 cm
336 _2rdacontent
_atext
337 _2rdamedia
_aunmediated
338 _2rdacarrier
_avolume
650 1 0 _aEnglish fiction
942 _ddc
_cB
999 _c159314
_d159314